[Event "It"]
[Site "masterchessopen.com - Bled (Slovenia)"]
[Round "2"]
[White "Najdorf Miguel (POL)"]
[Black "Ivkov Borislav (SRB)"]
[Result "1-0"]
[WhiteElo "2445"]
[BlackElo "2416"]

1.d4 e6 2.Nf3 f5 3.g3 Nf6 4.Bg2 Be7 5.O-O O-O 6.c4 d6 7.b3 Qe8 8.Nc3 a5 9.Bb2
Qh5 10.e3 c6 11.Ba3 Na6 12.Na4 Rb8 13.Nb6 Nd7 14.Nxc8 Rfxc8 15.Qd2 b6 16.Ne5
dxe5 17.Bxe7 Rb7 18.Bd6 e4 19.f3 Nf6 20.fxe4 fxe4 21.Qd1 Qg6 22.Rf4 Nb4 23.Qe2
Nd3 24.Rh4 b5 25.c5 Nb4 26.Re1 Nbd5 27.Qc2 b4 28.Be5 Ra7 29.Bxf6 Nxf6 30.Rf1
Qg5 31.Rhf4 e5 32.Qc4+ Kh8 33.h4 Qxg3 34.dxe5 Qxe3+ 35.Kh2 {#r} 1-0

[Event "Olympiad"]
[Site "masterchessopen.com - Amsterdam (Netherlands)"]
[Round "3"]
[White "Sandor Bela (HUN)"]
[Black "Bhend Edwin (SUI)"]
[Result "1-0"]
[WhiteElo "2330"]
[BlackElo "2256"]

1.Nf3 e6 2.c4 f5 3.g3 Nf6 4.Bg2 Be7 5.d4 d6 6.O-O O-O 7.Nc3 Qe8 8.b3 a5 9.Bb2
Bd7 10.Re1 Qh5 11.e4 fxe4 12.Nxe4 Bc6 13.Ned2 Bd7 14.Nh4 c6 15.f4 Qf7 16.Nhf3
h6 17.Qe2 Re8 18.Rf1 Na6 19.c5 Qh5 20.Nc4 dxc5 21.Nce5 Bc8 22.h3 Rd8 23.g4 Qe8
24.g5 Nd5 25.gxh6 Qh5 26.Ng5 Qxh6 27.Ngf7 Qf6 28.Be4 Qh4 29.Qg2 Ne3 30.Qg6 Rf8
31.Rf3 Nf5 32.Bxf5 exf5 33.Rg3 Bf6 34.Nh6+ Kh8 35.Nef7+ {#r} 1-0

[Event "Ch DDR"]
[Site "masterchessopen.com - Leipzig (Germany)"]
[Round "4"]
[White "Kahn Manfred (GER)"]
[Black "Handel Horst (GER)"]
[Result "1-0"]
[WhiteElo "2139"]
[BlackElo "2106"]

1.d4 e6 2.Nf3 f5 3.g3 Nf6 4.Bg2 Be7 5.O-O O-O 6.c4 d6 7.Nc3 Qe8 8.b3 Qh5 9.Ba3
a5 10.d5 e5 11.Nb5 Na6 12.Nxe5 f4 13.gxf4 Ng4 14.Nxg4 Bxg4 15.f3 Bd7 16.e3 Rf6
17.Rf2 Rh6 18.Bf1 Bh4 19.Rd2 Re8 20.e4 Rf8 21.f5 Qg5+ 22.Rg2 Qe3+ 23.Kh1 Rh5
24.Bc1 Qc5 25.Bb2 {#r} 1-0

[Event "Olympiad"]
[Site "masterchessopen.com - Moscow (Russia)"]
[Date "1956.09.21"]
[Round "9"]
[White "Backlund G (SWE)"]
[Black "Johannessen Svein (NOR)"]
[Result "0-1"]
[WhiteElo "2205"]
[BlackElo "2273"]

1.Nf3 f5 2.g3 Nf6 3.Bg2 e6 4.O-O Be7 5.c4 O-O 6.b3 Qe8 7.d4 d6 8.Nc3 Nbd7
9.Qc2 Bd8 10.Ba3 Qh5 11.Rac1 a5 12.e4 Nxe4 13.Nxe4 fxe4 14.Qxe4 Nf6 15.Qd3 a4
16.Bb4 axb3 17.axb3 Bd7 18.Ra1 Rxa1 19.Rxa1 Bc6 20.Re1 Ng4 21.h3 Bxf3 22.Bxf3
Qxh3 23.Qe2 Qh2+ 24.Kf1 e5 25.dxe5 Nxe5 26.Bd5+ Kh8 27.Bg2 Qxg3 28.Qe3 Qh4
29.Re2 Ng4 30.Qe8 Qxf2+ 31.Rxf2 Rxe8 32.Rf7 Kg8 33.Rd7 Ne5 {#R} 0-1

[Event "Cup Clare Benedict"]
[Site "masterchessopen.com - Bern (Switzerland)"]
[Round "5"]
[White "Bouwmeester Hans (NED)"]
[Black "Bhend Edwin (SUI)"]
[Result "0-1"]
[WhiteElo "2343"]
[BlackElo "2256"]

1.d4 f5 2.c4 e6 3.g3 Nf6 4.Bg2 Be7 5.Nf3 d6 6.O-O O-O 7.Nc3 Qe8 8.b3 Qh5 9.Ba3
g5 10.e3 Rf7 11.c5 g4 12.cxd6 Bxd6 13.Bxd6 gxf3 14.Bxf3 Ng4 15.Bxg4 fxg4
16.Bf4 Nd7 17.f3 Nf6 18.Be5 Qh6 19.Qe2 b6 20.Bxf6 Rxf6 21.fxg4 Rxf1+ 22.Rxf1
Ba6 23.Qf3 Rc8 24.Rf2 c5 25.dxc5 Qg7 26.Ne4 bxc5 27.Nf6+ Kh8 28.h4 c4 29.bxc4
Bxc4 30.Rc2 Qc7 31.Nh5 Qd8 32.Kh2 Rc5 33.Rf2 e5 34.Qf8+ Qxf8 35.Rxf8+ Bg8
36.Ra8 h6 37.Nf6 Kg7 38.Nxg8 Rc2+ 39.Kh3 Rxa2 40.Ne7 e4 41.Nf5+ Kg6 {#R} 0-1

[Event "Ch Yugoslavia"]
[Site "masterchessopen.com - Kragujevac (Yugoslavia)"]
[Round "0"]
[White "Sokolov Vladimir (SRB)"]
[Black "Matulovic Milan (SRB)"]
[Result "0-1"]
[WhiteElo "2310"]
[BlackElo "2394"]

1.d4 e6 2.Nf3 f5 3.g3 Nf6 4.Bg2 Be7 5.O-O O-O 6.c4 d6 7.Nc3 Qe8 8.b3 a5 9.Bb2
Na6 10.a3 c6 11.Rc1 Rb8 12.Nd2 e5 13.c5 exd4 14.cxd6 Bxd6 15.Nc4 dxc3 16.Nxd6
Qe6 17.Rxc3 Rd8 18.Rd3 Nc5 19.Nc4 Nxd3 20.exd3 f4 21.Be5 Ra8 22.Bxf4 Qf5 23.d4
Nd5 24.Be5 Qg6 25.Qd2 a4 26.b4 Bf5 27.Rc1 Rd7 28.h4 Rf8 29.Ne3 Be6 30.Nc4 Rdf7
31.Rf1 Nf4 32.Bxf4 Bxc4 33.Re1 Bd5 34.Bxd5 cxd5 35.Be3 Rc7 36.Rc1 Rfc8 37.Rc5
b6 38.Rxd5 Qb1+ 39.Kh2 Rc2 {#R} 0-1

[Event "Ch Romania"]
[Site "masterchessopen.com - Romania"]
[Round "11"]
[White "Mititelu Gheorghe (ROM)"]
[Black "Radovici Corvin (ROM)"]
[Result "1-0"]
[WhiteElo "2300"]
[BlackElo "2281"]

1.d4 f5 2.g3 Nf6 3.Bg2 e6 4.Nf3 Be7 5.O-O O-O 6.c4 d6 7.Nc3 Qe8 8.b3 Qh5 9.Ba3
Re8 10.Ne1 c6 11.e4 Qxd1 12.Rxd1 fxe4 13.Nxe4 Nxe4 14.Bxe4 d5 15.Bxe7 Rxe7
16.Bg2 Nd7 17.Nd3 b6 18.Rfe1 Bb7 19.cxd5 cxd5 20.Rc1 Nf6 21.f3 Rc8 22.Bh3 Rxc1
23.Rxc1 Kf7 24.Ne5+ Ke8 25.Kf2 Kd8 26.Ke3 Ne8 27.Kd2 Nd6 28.a4 Nf5 29.Bxf5
exf5 30.Ke3 Rc7 31.Rxc7 Kxc7 32.Kf4 Bc8 33.Nf7 Be6 34.Ng5 Bg8 35.Ke5 Kd7
36.Nh3 h6 37.Nf4 Kc6 38.b4 a6 39.Nxd5 Bxd5 40.b5+ axb5 41.axb5+ Kxb5 42.Kxd5
Ka4 43.Ke6 {#r} 1-0

[Event "It \"]
[Site "masterchessopen.com - Amsterdam (Netherlands)"]
[Round "0"]
[White "Van Scheltinga Theo D (NED)"]
[Black "Enevoldsen Jens (DEN)"]
[Result "1-0"]
[WhiteElo "2325"]
[BlackElo "2350"]

1.Nf3 f5 2.d4 Nf6 3.g3 e6 4.Bg2 Be7 5.c4 d6 6.Nc3 O-O 7.O-O Qe8 8.b3 Nc6 9.d5
Nd8 10.Nb5 Nxd5 11.Nxd6 cxd6 12.cxd5 e5 13.Ba3 Nf7 14.Rc1 Qb5 15.Nd2 Qa5
16.Nc4 Qa6 17.Bb4 Bd7 18.Qd2 e4 19.f4 Rac8 20.g4 Nh6 21.g5 Nf7 22.Bh3 Rfe8
23.Bc3 Nh8 24.Qd4 Bf8 25.Ne3 Rxc3 26.Rxc3 g6 27.Qd2 Bb5 28.Rc2 Qb6 29.Kh1 Nf7
30.Nc4 Bxc4 31.Rxc4 Bg7 32.e3 Qd8 33.Qg2 Qa5 34.Rd1 b5 35.Rc6 b4 36.Qe2 Qa3
37.Ra6 Qb2 38.Qxb2 Bxb2 39.Bf1 Rc8 40.Bc4 Rc7 41.Rc6 Rb7 42.Ba6 Rb6 43.Rd2 Bc3
44.Rc2 Nd8 45.Rxb6 axb6 46.Kg2 Kf8 47.Kf2 h5 48.Ke2 Ke7 49.Bc8 Nf7 {#r} 1-0

[Event "Ch Argentina"]
[Site "masterchessopen.com - Buenos Aires (Argentina)"]
[Round "1"]
[White "Garcia Raimundo (ARG)"]
[Black "Polo Gomez Vicente (ARG)"]
[Result "1-0"]
[WhiteElo "2327"]
[BlackElo "2212"]

1.Nf3 f5 2.g3 Nf6 3.Bg2 e6 4.O-O Be7 5.c4 O-O 6.d4 d6 7.Nc3 Qe8 8.b3 c6 9.Bb2
Qh5 10.Qc2 Na6 11.a3 Nc7 12.e4 e5 13.dxe5 dxe5 14.Nxe5 fxe4 15.Nxe4 Bf5
16.Rae1 Ne6 17.Qe2 Qxe2 18.Rxe2 Nxe4 19.Bxe4 Bxe4 20.Rxe4 Nc5 21.Re3 Bf6
22.Bd4 Ne6 23.Ba1 Rfe8 24.Nf3 Nc5 25.Rxe8+ Rxe8 26.Bxf6 gxf6 27.b4 Na4 28.Rd1
Nb6 29.Rd4 Re2 30.Kf1 Ra2 31.Rd8+ Kf7 32.c5 Nd5 33.Rd7+ Kg8 34.Rxb7 Rxa3
35.Nd4 a5 36.Nxc6 axb4 37.Nxb4 Nxb4 38.Rxb4 Rc3 39.Rb8+ Kf7 40.Rc8 h5 41.c6 h4
42.c7 hxg3 43.fxg3 Kg7 44.Ke2 Rc1 45.g4 Rc6 46.h4 {#r} 1-0

[Event "Ch Yugoslavia"]
[Site "masterchessopen.com - Titograd (Yugoslavia)"]
[Round "0"]
[White "Gligoric Svetozar (SRB)"]
[Black "Sofrevski Jovan (MKD)"]
[Result "1-0"]
[WhiteElo "2447"]
[BlackElo "2375"]

1.d4 f5 2.g3 Nf6 3.Bg2 e6 4.Nf3 Be7 5.O-O O-O 6.c4 d6 7.Nc3 Qe8 8.b3 a5 9.Bb2
Na6 10.e3 c6 11.Qe2 Bd8 12.e4 e5 13.dxe5 dxe5 14.exf5 Bxf5 15.Nxe5 Nb4 16.Ne4
Bc7 17.f4 Rd8 18.Rad1 Nxe4 19.Bxe4 Bxe4 20.Qxe4 Nxa2 21.Rxd8 Bxd8 22.Qd4 Qe7
23.Re1 Qb4 24.Nd3 Qb6 25.c5 Qc7 26.Ne5 Nb4 27.Nd7 Bf6 28.Qc4+ Nd5 29.Nxf8 Bxb2
30.Re8 Kf7 31.Qe4 Ne7 32.Ne6 {#r} 1-0

[Event "Simultan"]
[Site "masterchessopen.com - Groningen (Netherlands)"]
[Round "0"]
[White "Donner Jan-Hein (NED)"]
[Black "Algera Simon (NED)"]
[Result "1-0"]
[WhiteElo "2430"]
[BlackElo "2113"]

1.d4 f5 2.Nf3 e6 3.g3 Nf6 4.Bg2 d6 5.O-O Be7 6.c4 O-O 7.Nc3 Qe8 8.b3 Qh5 9.Ba3
a5 10.Ne5 Nbd7 11.e4 Qe8 12.Nd3 fxe4 13.Nxe4 Nxe4 14.Bxe4 Bf6 15.Nf4 Kh8
16.Qd3 g5 17.Ng2 Qh5 18.f4 g4 19.Rae1 Bg7 20.Ne3 Nf6 21.Bg2 Re8 22.d5 Nd7
23.Qd2 e5 24.Bb2 Kg8 25.Qc2 Nf8 26.c5 exf4 27.Bxg7 fxe3 28.Bd4 Qg5 29.Be4 dxc5
30.Bxe3 Qg7 31.Bxc5 Nd7 32.Bxh7+ {#r} 1-0

[Event "Ch Czechoslovakia"]
[Site "masterchessopen.com - Bratislava (Slovakia)"]
[Round "3"]
[White "Trapl Jindrich (CZE)"]
[Black "Lechtynsky Jiri (CZE)"]
[Result "1-0"]
[WhiteElo "2336"]
[BlackElo "2375"]

1.Nf3 f5 2.g3 Nf6 3.Bg2 d6 4.d4 e6 5.O-O Be7 6.c4 O-O 7.Nc3 Qe8 8.b3 Qh5 9.Ba3
a5 10.Re1 Na6 11.e4 fxe4 12.Nxe4 Nxe4 13.Rxe4 Nb4 14.Ne1 Qxd1 15.Rxd1 Nxa2
16.Ra1 a4 17.Re3 Bg5 18.f4 Bf6 19.Nf3 axb3 20.Rxb3 Rxa3 21.Rxa3 Nb4 22.Rd1 Bd7
23.Bh3 Kf7 24.Rd2 Bc6 25.Ng5+ Bxg5 26.fxg5 Re8 27.Rb2 Na6 28.Bg2 d5 29.Re3 Nb8
30.cxd5 exd5 31.Bxd5+ Bxd5 32.Rf2+ Kg6 33.Rxe8 Nc6 34.Rd2 Na5 35.Rd8 c6 36.Rb2
Kxg5 37.Rxd5+ cxd5 38.Rb5 Nc6 39.Rxd5+ Kf6 40.Rd7 b5 41.Rd6+ {#r} 1-0

[Event "It"]
[Site "masterchessopen.com - Skopje (Macedonia)"]
[Round "0"]
[White "Gligoric Svetozar (SRB)"]
[Black "Maric Rudolf (YUG)"]
[Result "1-0"]
[WhiteElo "2447"]
[BlackElo "2450"]

1.d4 f5 2.Nf3 Nf6 3.g3 e6 4.Bg2 Be7 5.O-O O-O 6.c4 d6 7.Nc3 Qe8 8.b3 a5 9.Bb2
c6 10.Re1 b5 11.cxb5 cxb5 12.d5 b4 13.Na4 Nxd5 14.Nd4 f4 15.Nxe6 fxg3 16.fxg3
Bxe6 17.Bxd5 Bg5 18.Qd4 Rf7 19.Qe4 Bxd5 20.Qxe8+ Rf8 21.Qxf8+ Kxf8 22.e4 Be6
23.Rad1 Be7 24.Nb6 Ra6 25.Nd5 Bd8 26.e5 Nd7 27.Nf4 Bg4 28.Rxd6 Rxd6 29.exd6
Bb6+ 30.Kg2 Bc5 31.Ne6+ {#r} 1-0

[Event "It"]
[Site "masterchessopen.com - Monaco"]
[Round "0"]
[White "Portisch Lajos (HUN)"]
[Black "Rossolimo Nicholas (RUS)"]
[Result "1-0"]
[WhiteElo "2523"]
[BlackElo "2450"]

1.Nf3 e6 2.g3 f5 3.d4 Nf6 4.Bg2 Be7 5.O-O O-O 6.c4 d6 7.Nc3 Qe8 8.b3 Qh5 9.Ba3
a5 10.d5 Na6 11.dxe6 Bxe6 12.Nd4 Bc8 13.e3 Qg6 14.Rc1 Nc5 15.Ndb5 Bd8 16.Bxc5
dxc5 17.Na4 Ne4 18.Nbc3 Nxc3 19.Rxc3 Bf6 20.Qd5+ Kh8 21.Qxc5 Bd7 22.Rcc1 Qe8
23.Qxc7 Bxa4 24.bxa4 Rf7 25.Qb6 Qxa4 26.c5 Qb4 27.Qe6 Rff8 28.Qd5 Rab8 29.Rb1
Qa3 30.Qxf5 Qxa2 31.Bxb7 Bd4 32.Bd5 {#r} 1-0

[Event "It"]
[Site "masterchessopen.com - Hastings (England)"]
[Round "9"]
[White "Portisch Lajos (HUN)"]
[Black "Corden Martyn J (ENG)"]
[Result "1-0"]
[WhiteElo "2523"]
[BlackElo "2305"]

1.c4 f5 2.Nf3 Nf6 3.g3 d6 4.d4 e6 5.Bg2 Be7 6.O-O O-O 7.Nc3 Qe8 8.b3 a5 9.Ba3
Na6 10.Rc1 Bd7 11.e3 Nb4 12.Bb2 Qh5 13.a3 Na6 14.Nd2 Qh6 15.Re1 c6 16.Nf1 Be8
17.Qd2 e5 18.dxe5 dxe5 19.Na4 Rd8 20.Qxa5 Nd7 21.b4 Bf6 22.b5 Nac5 23.bxc6
Nxa4 24.Qxa4 Nc5 25.Qa7 Nd3 26.cxb7 Bh5 27.c5 Nxe1 28.c6 Nxg2 29.c7 Bf3
30.cxd8=Q Bxd8 31.b8=Q Qh3 32.Bxe5 {#r} 1-0

[Event "It"]
[Site "masterchessopen.com - Hungary"]
[Round "0"]
[White "Bilek Istvan (HUN)"]
[Black "Sax Gyula (HUN)"]
[Result "1-0"]
[WhiteElo "2375"]
[BlackElo "2492"]

1.g3 f5 2.d4 Nf6 3.Bg2 e6 4.Nf3 Be7 5.O-O O-O 6.c4 d6 7.Nc3 Qe8 8.b3 a5 9.Bb2
Qh5 10.e3 g5 11.Re1 Na6 12.e4 Nxe4 13.Nxe4 fxe4 14.Rxe4 Bf6 15.Qd2 Bd7 16.Rae1
b6 17.h3 Qg6 18.h4 h6 19.hxg5 hxg5 20.Bh3 Rae8 21.Qe2 Bd8 22.Bg4 Nb4 23.a3 Nc6
24.Re3 Re7 25.d5 exd5 26.Rxe7 Bxg4 27.Re8 Qh5 28.Qe3 Bxf3 29.Qe6+ Kh7 30.Qd7+
Qf7 31.Qh3+ Kg6 32.R8e6+ Qxe6 33.Rxe6+ Bf6 34.g4 {#r} 1-0

[Event "Ch Europe (team)"]
[Site "masterchessopen.com - Aarhus (Denmark)"]
[Round "1"]
[White "Sloth Jorn (DEN)"]
[Black "Filipowicz Andrzej (POL)"]
[Result "0-1"]
[WhiteElo "2328"]
[BlackElo "2410"]

1.c4 f5 2.g3 Nf6 3.Nf3 e6 4.Bg2 Be7 5.O-O O-O 6.d4 d6 7.Nc3 Qe8 8.b3 a5 9.Ba3
Na6 10.Re1 Rb8 11.Rc1 c6 12.Nd2 b5 13.Bb2 Bd7 14.e4 fxe4 15.cxb5 cxb5 16.Ndxe4
Nxe4 17.Nxe4 Qf7 18.f4 Rfc8 19.d5 Rxc1 20.Bxc1 Nc7 21.dxe6 Bxe6 22.Nxd6 Qf8
23.f5 Rd8 24.fxe6 Rxd6 25.Qg4 Qf6 26.Bh3 Qc3 27.Qe2 Rd3 28.Bb2 Qc5+ 29.Qf2 Rd2
30.Qxc5 Bxc5+ 31.Kh1 Rxb2 32.Rc1 Bd6 33.Rd1 Ne8 34.Bf1 Be7 35.Bxb5 Nd6 36.Rc1
g6 37.Ba4 Nf5 38.Rc8+ Kg7 39.Rc3 Kf6 40.g4 Nd4 {#R} 0-1

[Event "Ch Czechoslovakia"]
[Site "masterchessopen.com - Luhacovice (Czech Republic)"]
[Round "10"]
[White "Hort Vlastimil (GER)"]
[Black "Lechtynsky Jiri (CZE)"]
[Result "1-0"]
[WhiteElo "2605"]
[BlackElo "2360"]

1.d4 f5 2.Nf3 e6 3.g3 Be7 4.Bg2 d6 5.c4 Nf6 6.Nc3 O-O 7.O-O Qe8 8.b3 a5 9.Bb2
Na6 10.a3 Bd7 11.Ne1 Rb8 12.Nd3 Qh5 13.b4 c6 14.b5 cxb5 15.cxb5 Nc7 16.Qb3 Kh8
17.Nf4 Qh6 18.b6 Na6 19.Nd3 e5 20.dxe5 Ng4 21.h3 Nxe5 22.Nd5 Nxd3 23.Qxd3 Nc5
24.Qc3 Rbe8 25.Rab1 Ne4 26.Qc7 Nc5 27.Nxe7 Rxe7 28.Rbd1 Re6 29.Bxb7 Nxb7
30.Qxd7 Nc5 31.Qc7 f4 32.b7 Na6 33.Qc8 Rg8 34.Bc1 Qxh3 35.Bxf4 Rh6 36.Qxh3
Rxh3 37.Rxd6 Nc5 38.Rd5 Nxb7 39.Kg2 {#r} 1-0

[Event "It"]
[Site "masterchessopen.com - Nethanya (Israel)"]
[Round "13"]
[White "Bleiman Yaacov (ISR)"]
[Black "Peretz Malkiel (ISR)"]
[Result "1-0"]
[WhiteElo "2450"]
[BlackElo "2365"]

1.d4 e6 2.c4 f5 3.g3 Nf6 4.Bg2 Be7 5.Nf3 O-O 6.O-O d6 7.b3 Qe8 8.Nc3 Qh5 9.Re1
Nbd7 10.e4 fxe4 11.Nxe4 Nxe4 12.Rxe4 Nf6 13.Re1 Bd7 14.Bf4 h6 15.Nd2 Qxd1
16.Raxd1 g5 17.Be3 c6 18.h3 Kg7 19.Ne4 Nxe4 20.Bxe4 Rae8 21.Re2 b6 22.Bc1 Bf6
23.Ba3 Be7 24.Bg2 Rf7 25.Rd3 Rc8 26.Bf3 Kg6 27.Bg4 Rf6 28.Rde3 Bf8 29.d5 cxd5
30.cxd5 Re8 31.dxe6 Bb5 32.e7 Bxe2 33.exf8=Q Rexf8 34.Rxe2 h5 35.Bd7 h4
36.gxh4 gxh4 37.Bg4 Rd8 38.Bb2 Rf4 39.Bc1 Rd4 40.Kg2 d5 41.f4 Re4 42.f5+ Kf6
43.Bb2+ Kg5 44.Rf2 d4 45.f6 d3 46.Bc1+ {#r} 1-0

[Event "Ch Poland"]
[Site "masterchessopen.com - Poznan (Poland)"]
[Round "0"]
[White "Doda Zbigniew (POL)"]
[Black "Filipowicz Andrzej (POL)"]
[Result "1-0"]
[WhiteElo "2430"]
[BlackElo "2410"]

1.Nf3 e6 2.g3 Be7 3.Bg2 f5 4.d4 Nf6 5.O-O O-O 6.c4 d6 7.Nc3 Qe8 8.b3 a5 9.Ba3
Na6 10.Rc1 Nb4 11.Bb2 Ne4 12.a3 Nxc3 13.Rxc3 Na6 14.Qd2 Rb8 15.Rc2 b5 16.Qxa5
bxc4 17.bxc4 f4 18.Bc1 fxg3 19.hxg3 c5 20.Be3 Rf5 21.Qd2 Qa4 22.Bh3 Rf8 23.d5
Nc7 24.Bg5 Bxg5 25.Nxg5 exd5 26.Bxc8 Rbxc8 27.Qd3 g6 28.cxd5 Rf5 29.Ne4 Rd8
30.Nc3 Qg4 31.Qe4 Qg5 32.Qg2 Qf6 33.Rd1 Ra8 34.Ne4 Qf8 35.Rb2 Rxa3 36.Rb7 Nxd5
37.Qh3 Ne7 38.Qh4 g5 39.Qg4 Ra4 40.Nf6+ Qxf6 41.Qxa4 Re5 42.Qe8+ Kg7 43.e3 c4
44.Qd7 Re6 45.Rc7 Kf7 46.Rxc4 {#r} 1-0

[Event "Cup URS"]
[Site "masterchessopen.com - Norway"]
[Round "15"]
[White "Wirthensohn Heinz (SUI)"]
[Black "Sax Gyula (HUN)"]
[Result "0-1"]
[WhiteElo "2315"]
[BlackElo "2445"]

1.c4 f5 2.d4 Nf6 3.g3 e6 4.Bg2 Be7 5.Nf3 O-O 6.O-O d6 7.Nc3 Qe8 8.b3 a5 9.Bb2
c6 10.e3 Nbd7 11.Ba3 e5 12.d5 e4 13.Nd4 Ne5 14.dxc6 bxc6 15.Qe2 d5 16.Bxe7
Qxe7 17.Na4 c5 18.Nb5 Ba6 19.Rfd1 Bxb5 20.cxb5 Rab8 21.Rac1 Rfc8 22.Nb2 Rd8
23.a4 d4 24.Nc4 d3 25.Qb2 Nxc4 26.Rxc4 Nd5 27.Qd2 Nb6 28.Rcc1 Ra8 29.Bh3 Rd5
30.Rc3 Qe5 31.Rdc1 Rc8 32.Bg2 c4 33.bxc4 Rdc5 34.Qa2 Nd5 35.Rb3 Nb6 36.Rbc3
Kh8 37.Bh3 h6 38.Bf1 Kh7 39.Qb3 Nd5 40.cxd5 Rxc3 41.Rxc3 Qxc3 {#R} 0-1

[Event "Ch DDR"]
[Site "masterchessopen.com - Erfurt (Germany)"]
[Round "16"]
[White "Gruenberg Hans-Ulrich (GER)"]
[Black "Brueggemann Joachim (GER)"]
[Result "1-0"]
[WhiteElo "2402"]
[BlackElo "2339"]

1.d4 f5 2.g3 e6 3.Bg2 Nf6 4.Nf3 Be7 5.O-O O-O 6.c4 d6 7.Nc3 Qe8 8.b3 c6 9.Ba3
Ne4 10.Nxe4 fxe4 11.Nd2 d5 12.Bxe7 Qxe7 13.f3 e3 14.Nb1 e5 15.cxd5 cxd5 16.Nc3
Nc6 17.Nxd5 Qf7 18.Nxe3 Nxd4 19.Nc2 Ne6 20.Qd5 Qc7 21.Rac1 Rd8 22.Qe4 Rd2
23.Rfd1 Qc5+ 24.Kf1 Ng5 25.Qe3 Rxd1+ 26.Rxd1 Qe7 27.Rd5 Nf7 28.Qc5 Qf6 29.Ne3
b6 30.Qc7 Be6 31.Rd1 Qh6 32.Kf2 Rf8 33.Nc4 e4 34.Qf4 Ng5 35.Qh4 Qf6 36.f4 Bxc4
37.bxc4 Qg6 38.Kg1 Ne6 39.Qe7 Qg4 40.Rd6 Nc5 41.Rd8 {#r} 1-0

[Event "Ch Hungary"]
[Site "masterchessopen.com - Budapest (Hungary)"]
[Round "0"]
[White "Sapi Laszlo (HUN)"]
[Black "Farago Ivan (HUN)"]
[Result "1-0"]
[WhiteElo "2410"]
[BlackElo "2475"]

1.Nf3 f5 2.g3 Nf6 3.Bg2 d6 4.d4 e6 5.c4 Be7 6.O-O O-O 7.Nc3 Qe8 8.b3 c6 9.Ba3
Na6 10.Rc1 Bd7 11.Re1 Rd8 12.d5 e5 13.Nxe5 dxe5 14.d6 Bxd6 15.Qxd6 Qh5 16.Rcd1
Rde8 17.e3 Rf7 18.f4 Bc8 19.Qd2 e4 20.Qe2 Qxe2 21.Rxe2 Rd7 22.Rxd7 Bxd7 23.Rd2
Be6 24.h3 Kf7 25.Kf2 Rc8 26.Bf1 Rc7 27.Ke1 Rd7 28.Bd6 Ne8 29.Be5 Rxd2 30.Kxd2
Ke7 31.Bd4 b6 32.Be5 g6 33.Ne2 c5 34.a3 Nd6 35.Nc3 Kd7 36.Bxd6 Kxd6 37.Nb5+
Ke7 38.Nxa7 Nc7 39.Kc3 Bd7 40.Be2 h5 41.Nb5 Bxb5 42.cxb5 Kf6 43.Bc4 g5 44.h4
gxh4 45.gxh4 {#r} 1-0

[Event "Ch Great Britain"]
[Site "masterchessopen.com - Morecambe (England)"]
[Round "8"]
[White "McDonald-Ross Michael (SCO)"]
[Black "Parr Frank (ENG)"]
[Result "1-0"]
[WhiteElo "2169"]
[BlackElo "2099"]

1.d4 f5 2.Nf3 Nf6 3.g3 e6 4.Bg2 Be7 5.c4 d6 6.O-O O-O 7.Nc3 Qe8 8.b3 Nbd7
9.Ba3 Qh5 10.e3 Re8 11.Ne1 Qh6 12.Qc2 Nf8 13.Nd3 a6 14.e4 e5 15.dxe5 dxe5
16.Bc1 Qh5 17.Qd1 Qxd1 18.Rxd1 fxe4 19.Nxe4 Bg4 20.Rd2 c6 21.Bb2 Nxe4 22.Bxe4
Bg5 23.Rc2 Nd7 24.Re1 Rad8 25.f3 Bh5 26.h4 Be7 27.Kg2 Bd6 28.g4 Bf7 29.g5 Nf8
30.Bxe5 Bxe5 31.Nxe5 Rxe5 32.Bxh7+ Kxh7 33.Rxe5 Ne6 34.Kg3 Kg6 35.Kg4 Rh8
36.Rd2 Kh7 37.h5 g6 38.hxg6+ Kxg6 39.f4 Kg7 40.Rd7 Nd8 41.f5 {#r} 1-0

[Event "Olympiad (w)"]
[Site "masterchessopen.com - Haifa (Israel)"]
[Round "12"]
[White "Pope Lynda (AUS)"]
[Black "Prill Thea (GER)"]
[Result "0-1"]
[WhiteElo "2040"]
[BlackElo "2080"]

1.d4 f5 2.g3 Nf6 3.Bg2 e6 4.c4 Be7 5.Nf3 O-O 6.O-O d6 7.Nc3 Qe8 8.b3 a5 9.Qc2
Na6 10.a3 c6 11.Re1 Qh5 12.e4 fxe4 13.Nxe4 Nxe4 14.Qxe4 Bf6 15.Bd2 e5 16.Bc3
Bf5 17.Qe3 e4 18.Nd2 Bg5 19.f4 exf3 20.Qxf3 Bg4 21.Qd3 Nc7 22.d5 cxd5 23.Bxd5+
Nxd5 24.Qxd5+ Kh8 25.Qxb7 Qh6 26.Nf1 Bf3 27.Qc7 Bd8 28.Bxg7+ Qxg7 29.Qxd6 Bc7
30.Qd3 Rad8 31.Qe3 Qb2 32.c5 Qg2# 0-1

[Event "Ch Netherlands (open)"]
[Site "masterchessopen.com - Velp (Netherlands)"]
[Round "5"]
[White "Straat Evert-Jan (NED)"]
[Black "Schlenker Rainer (GER)"]
[Result "1-0"]
[WhiteElo "2094"]
[BlackElo "2250"]

1.d4 e6 2.c4 f5 3.g3 Nf6 4.Bg2 Be7 5.Nf3 O-O 6.O-O d6 7.Nc3 Qe8 8.b3 c6 9.Bb2
Qh5 10.Qc2 d5 11.Ne5 Nbd7 12.Nxd7 Bxd7 13.a4 g5 14.Ba3 Bxa3 15.Rxa3 f4 16.Nd1
e5 17.cxd5 Bh3 18.dxe5 fxg3 19.hxg3 Bf5 20.e4 Ng4 21.Re1 Qh2+ 22.Kf1 Bg6 23.b4
cxd5 24.Qe2 Nxe5 25.exd5 Rae8 26.d6 Nd3 27.Qxe8 Bxe8 28.Rxd3 Bxa4 29.Re5 Qh5
30.Nc3 Bc6 31.Bxc6 bxc6 32.d7 Qf7 33.Ne4 Qc4 34.Ke2 Qc2+ 35.Rd2 Qc4+ 36.Rd3
Qc2+ 37.Rd2 Qc4+ 38.Ke3 Qf7 39.f4 gxf4+ 40.gxf4 Qxf4+ 41.Kd4 {#r} 1-0

[Event "Olympiad"]
[Site "masterchessopen.com - Buenos Aires (Argentina)"]
[Round "3"]
[White "Kuligowski Adam (POL)"]
[Black "Kan Wai Shui (HKG)"]
[Result "1-0"]
[WhiteElo "2325"]
[BlackElo "2350"]

1.c4 f5 2.Nf3 Nf6 3.g3 e6 4.Bg2 Be7 5.O-O O-O 6.d4 d6 7.Nc3 Qe8 8.b3 Nbd7
9.Qc2 Qg6 10.Ng5 Nb6 11.f4 h6 12.Nf3 c6 13.Ba3 Re8 14.Nd1 d5 15.Ne5 Qh7
16.Bxe7 Rxe7 17.Nf2 Nbd7 18.Nfd3 Nxe5 19.Nxe5 Nd7 20.Nf3 Nf6 21.b4 Bd7 22.Ne5
Be8 23.b5 g5 24.bxc6 Bxc6 25.Rab1 g4 26.Rb4 h5 27.Rfb1 Ne4 28.Nxc6 bxc6
29.Rb8+ Rxb8 30.Rxb8+ Kf7 31.Qa4 h4 32.Bxe4 fxe4 33.Qxc6 hxg3 34.hxg3 Qh3
35.Rb3 dxc4 36.Qxc4 Kf6 37.Qc5 e3 38.Rxe3 Kf7 39.d5 Qh6 40.dxe6+ Rxe6 41.Qd5
{#r} 1-0

[Event "It"]
[Site "masterchessopen.com - Kiel (Germany)"]
[Round "8"]
[White "Mortensen Erling (DEN)"]
[Black "Brendel Volker (GER)"]
[Result "1-0"]
[WhiteElo "2448"]
[BlackElo "2285"]

1.c4 e6 2.g3 f5 3.Bg2 Nf6 4.Nf3 Be7 5.O-O O-O 6.d4 d6 7.Nc3 Qe8 8.b3 Qh5 9.Bb2
Nbd7 10.e3 g5 11.Ne1 Qh6 12.Qe2 c6 13.e4 f4 14.e5 dxe5 15.dxe5 Nxe5 16.gxf4
gxf4 17.Nf3 Ng6 18.Kh1 Qh5 19.Rae1 Ng4 20.h3 Nh6 21.Rg1 e5 22.Nh2 Qxe2 23.Rxe2
Bf5 24.Nf3 Bf6 25.Ne4 Bxe4 26.Rxe4 Nf7 27.c5 Rad8 28.h4 Rfe8 29.h5 Nh4 30.Rb4
Nxg2 31.Rxg2+ Kf8 32.Rxb7 e4 33.Bxf6 exf3 34.Rg7 Rd5 35.Rbxf7# 1-0

[Event "It (open)"]
[Site "masterchessopen.com - London (England)"]
[Round "9"]
[White "Lewis Andrew P (ENG)"]
[Black "Bennett Terry B (ENG)"]
[Result "1-0"]
[WhiteElo "2281"]
[BlackElo "2207"]

1.c4 e6 2.g3 f5 3.Bg2 Nf6 4.Nf3 Be7 5.O-O O-O 6.d4 d6 7.Nc3 Qe8 8.b3 c6 9.Bb2
Nbd7 10.d5 cxd5 11.cxd5 e5 12.Nb5 Qd8 13.Rc1 Ne8 14.a4 g5 15.e3 a6 16.Na3 g4
17.Nd2 Nef6 18.Ndc4 Rb8 19.b4 b6 20.f3 Qe8 21.f4 e4 22.Qd4 Qf7 23.Rfd1 h5
24.Ne5 dxe5 25.fxe5 Nc5 26.exf6 Nb3 27.fxe7 Nxd4 28.exf8=Q+ Qxf8 29.Rxd4 h4
30.gxh4 Qh6 31.Nc2 Bd7 32.Rc4 Bxa4 33.Be5 Rd8 34.Bf4 Qxh4 35.d6 Qf6 36.Nd4 Kf7
37.Rc7+ Kg6 38.Re7 Bd7 39.Rc7 Bc8 40.Be5 {#r} 1-0

[Event "It (open)"]
[Site "masterchessopen.com - London (England)"]
[Round "6"]
[White "Knott Simon J B (ENG)"]
[Black "Century Jonathan"]
[Result "1-0"]
[WhiteElo "2332"]
[BlackElo "2200"]

1.c4 e6 2.Nc3 f5 3.g3 Nf6 4.Bg2 Be7 5.Nf3 d6 6.d4 O-O 7.O-O Qe8 8.b3 Qh5 9.Ba3
a5 10.e3 Bd7 11.Rc1 Na6 12.Ne5 Qxd1 13.Rfxd1 Rab8 14.e4 Rfe8 15.Nxd7 Nxd7
16.exf5 exf5 17.Nd5 Bf8 18.Re1 Rxe1+ 19.Rxe1 Kf7 20.Bb2 c6 21.Nf4 Nc7 22.Bc3
Ra8 23.d5 c5 24.Ne6 Ne8 25.Bh3 g6 26.g4 fxg4 27.Ng5+ Kg8 28.Bxg4 Ne5 29.Be6+
Kg7 30.f4 Kh6 31.h4 Be7 32.fxe5 Bxg5 33.hxg5+ Kxg5 34.Bd2+ Kh5 35.Kg2 g5
36.Bf5 {#r} 1-0